Wertvollste Marken A-Z - Statistiken

Allgemein
  • Dieses Quiz wurde 546 mal gespielt
  • Das Durchschnittsergebnis liegt bei 4 aus 24
Antwortstatistiken
Buchstabe Marke % Korrekt
A Amazon
72%
M Microsoft
56%
G Google
50%
F Facebook
43%
N Nike
38%
S SAP
23%
C Coca-Cola
19%
L Louis Vuitton
17%
W Walmart
17%
D Disney
10%
U UPS
10%
V Visa
9%
Y YouTube
9%
K Kentucky Fried Chicken
8%
I IBM
7%
P PayPal
6%
T Tencent
5%
Z ZARA
5%
H Hermes Paris
4%
B Budweiser
1%
O Oracle
1%
X Xfinity
1%
J JD.com
0%
R RBC
0%
Keine übereinstimmenden Quizze gefunden
Verteilung der Resultate
Anzahl Personen mit jedem Resultat
Perzentil nach korrekt beantworteten Fragen
Ihre Resultats-Entwicklung
Sie haben dieses Quiz noch nicht gespielt